000
00233nam a22000857a 4500
008
161201b xxu||||| |||| 00| 0 eng d
100
_9
1647
_a
Ram,S.K
245
_a
Learning To Communicate : Couse Book -2
260
_a
New Delhi
_b
Oxford
_c
2003
999
_c
4360
_d
4360